Days Of The Week: Fill-in-the-Blank Quiz Stats

 Plays Quiz Updated May 8, 2015

Challenge
Share
Tweet
Embed
Score 0/20 Timer 03:00
1 Play Today
% Correct
Friday
92.6%
Wednesday
90.9%
Friday
90.8%
Friday
88.3%
Tuesday
78.9%
Wednesday
74.3%
Tuesday
72.9%
Saturday
72.7%
Tuesday
72.2%
Friday
71.9%
% Correct
Saturday
71.6%
Sunday
68.7%
Monday
67.5%
Monday
65.9%
Sunday
62.8%
Sunday
56.7%
Tuesday
50.1%
Saturday
49.1%
Sunday
48.4%
Thursday
44.4%

You're not logged in!

Compare scores with friends on all Sporcle quizzes.
Join for Free
OR
Log In

You Might Also Like...

Show Comments

Extras

Top Quizzes Today


Score Distribution

Your Account Isn't Verified!

In order to create a playlist on Sporcle, you need to verify the email address you used during registration. Go to your Sporcle Settings to finish the process.

Report this User

Report this user for behavior that violates our Community Guidelines.

Details: